000 00434nam a22001697a 4500
003 BUBTL
008 210218b xxu||||| |||| 00| 0 eng d
082 _a340.56
245 _aCivil Reference (1996-2000)
250 _a1st
260 _aDhaka
_bBangladesh Law Chronicles
_cc2001
300 _a[52] , 288p . :
_b25 cm.
650 _aLaw
_93930
856 _k0
_l0
_yDownload
942 _2ddc
_cBK
999 _c6455
_d6455